पूरा कवि संग्रह / (Record no. 119379)
[ view plain ]
| 000 -LEADER | |
|---|---|
| fixed length control field | 00945nam a22002537a 4500 |
| 005 - DATE AND TIME OF LATEST TRANSACTION | |
| control field | 20170124103133.0 |
| 010 ## - LIBRARY OF CONGRESS CONTROL NUMBER | |
| LC control number | B-004820 |
| 020 ## - INTERNATIONAL STANDARD BOOK NUMBER | |
| Terms of availability | 350.00 |
| 035 ## - SYSTEM CONTROL NUMBER | |
| System control number | B-004820 |
| 037 ## - SOURCE OF ACQUISITION | |
| Source of stock number/acquisition | Cen Lib/Ret |
| 040 ## - CATALOGING SOURCE | |
| Original cataloging agency | DPL |
| Language of cataloging | HN |
| 082 ## - DEWEY DECIMAL CLASSIFICATION NUMBER | |
| Classification number | 851 |
| Item number | शिवकु |
| 100 ## - MAIN ENTRY--PERSONAL NAME | |
| Personal name | शिव कुमार |
| 9 (RLIN) | 84599 |
| 245 ## - TITLE STATEMENT | |
| Title | पूरा कवि संग्रह / |
| Statement of responsibility, etc | शिव कुमार |
| 246 ## - VARYING FORM OF TITLE | |
| Title proper/short title | Pura kavi sangrah |
| Remainder of title | by Shiv Kumar |
| 260 ## - PUBLICATION, DISTRIBUTION, ETC. (IMPRINT) | |
| Place of publication, distribution, etc | दिल्ली |
| Name of publisher, distributor, etc | आरसी पब्लिशेर्स |
| Date of publication, distribution, etc | 2000 |
| 270 ## - ADDRESS | |
| Address | चांदनी चौक |
| City | दिल्ली |
| Postal code | 110006 |
| 300 ## - PHYSICAL DESCRIPTION | |
| Extent | 670पृष्ठ. |
| Dimensions | 20सेमी(सजिल्द) |
| 650 ## - SUBJECT ADDED ENTRY--TOPICAL TERM | |
| Topical term or geographic name as entry element | हिंदी साहित्य |
| 9 (RLIN) | 84600 |
| 650 ## - SUBJECT ADDED ENTRY--TOPICAL TERM | |
| Topical term or geographic name as entry element | कविता संग्रह |
| 9 (RLIN) | 84601 |
| 650 ## - SUBJECT ADDED ENTRY--TOPICAL TERM | |
| Topical term or geographic name as entry element | Hindi literature |
| 9 (RLIN) | 84602 |
| 650 ## - SUBJECT ADDED ENTRY--TOPICAL TERM | |
| Topical term or geographic name as entry element | Poetry Collection |
| 9 (RLIN) | 84603 |
| 942 ## - ADDED ENTRY ELEMENTS (KOHA) | |
| Source of classification or shelving scheme | Dewey Decimal Classification |
| Koha item type | Hindi Books |
| Classification part | 851 |
| Call number suffix | शिवकु |
| Withdrawn status | Lost status | Damaged status | Not for loan | Home library | Current library | Date acquired | Source of acquisition | Cost, normal purchase price | Total Checkouts | Full call number | Barcode | Date last seen | Date checked out | Copy number | Cost, replacement price | Price effective from | Koha item type |
|---|---|---|---|---|---|---|---|---|---|---|---|---|---|---|---|---|---|
| Central Library | Central Library | 16/09/2015 | Cen Lib/Ret | 350.00 | 4 | 851 शिवकु | B-004820 | 10/10/2022 | 01/10/2022 | 1 | 350.00 | 16/09/2015 | Hindi Books |
